| 000 | 00610nam a2200193Ia 4500 | ||
|---|---|---|---|
| 005 | 20250423100815.0 | ||
| 008 | 250422s9999 xx 000 0 und d | ||
| 020 | _a9780702029981 | ||
| 050 | _aRM 708 .H53/ | ||
| 100 | _aHicks, Carolyn M. | ||
| 245 | 0 | _aResearch methods for clinical therapists : applied project design and analysis | |
| 250 | _a5th ed. | ||
| 260 | _aEdinburg | ||
| 260 | _bChurchill Livigstone | ||
| 260 | _c2009 | ||
| 300 | _a406 p | ||
| 650 | _aPhysical therapy_Research - Methodology. Evidence - based medicine. Outcome assessment (Medical care). Research design. | ||
| 942 | _cBK | ||
| 999 |
_c34399 _d34399 |
||